[Event "Winter 2018 CCCSA-IM"]
[Site "Charlotte"]
[Date "2018.01.15"]
[Round "8.3"]
[White "Jacobson, Aaron"]
[Black "Ng, Gary"]
[Result "1-0"]
[WhiteElo "2282"]
[BlackElo "2272"]
[Annotator "TA"]
[PlyCount "75"]
[EventDate "2018.01.11"]
[EventType "tourn"]
[EventCountry "USA"]
[SourceTitle "playchess.com"]
[Source "ChessBase"]
[SourceQuality "1"]

{[%evp 9,75,47,48,47,37,35,39,43,42,40,53,43,91,81,94,34,43,33,52,-41,-36,-33,-35,-48,-27,-119,42,39,112,169,176,172,177,109,318,360,383,356,409,409,409,406,405,390,577,577,529,521,572,572,560,567,541,509,532,523,808,810,1116,987,3142,1088,29984,29985,29984,29985,12518,5685]} 1. e4 {[%cal Be2e4,Be4e5][%mdl 32]} b6 2. d4 Bb7 3. Nc3 e6 4. Bd3 Nf6 5. Nge2 d5 {[%cal Rd5e4]} 6. e5 {B00: Queen's Fianchetto Defence, Nimzowitsch Defence} Ng8 7. Nb1 c5 {...c4 is the strong threat.} 8. c3 {White is slightly better.} Ne7 9. O-O Nbc6 10. Nd2 c4 $146 ({Predecessor:} 10... Qc8 11. Nf3 Ba6 12. Nf4 Bxd3 13. Qxd3 c4 14. Qc2 h5 {½-½ (53) Narciso Dublan,M (2517)-Pons Sastre,S (2372) Spain 2004}) 11. Bc2 b5 12. f4 (12. b3 $16) 12... g6 13. g4 Qb6 14. Kh1 (14. Ng3 $14) 14... h5 $15 15. f5 {Black must now prevent fxe6.} hxg4 {[%cal Re7f5]} 16. fxe6 fxe6 17. Ng3 (17. Rf4 $11) 17... Rh4 $2 ({Black should try} 17... Nf5 $17 {aiming for ...Nxg3+.} 18. Qxg4 O-O-O) 18. Rf6 $14 Kd7 ({Black should play} 18... Nxd4 $14 19. cxd4 Qxd4) 19. Ndf1 $1 $36 {[%mdl 2048] White has strong initiative.} Nf5 20. Bg5 ({Weaker is} 20. Rxg6 Nxg3+ 21. Nxg3 Nxe5 $1 $17 {[%mdl 512]}) 20... Rh8 {[#] next ...Be7 is good for Black.} 21. Qxg4 ({Stronger than} 21. Rxg6 Nxg3+ 22. Nxg3 Nxe5 $15) (21. Rxe6 $1 $18 Kxe6 22. Bf6) 21... Nce7 $2 (21... Re8 $16 {was called for.}) 22. Ne3 ({Less strong is} 22. Nxf5 gxf5 23. Qf3 Re8 $16) 22... Nxe3 23. Bxe3 Bh6 24. Bxh6 Rxh6 25. Raf1 Rah8 26. R1f2 R8h7 (26... Bc8 $142 27. Qg5 R6h7) 27. Bxg6 $18 Rxg6 28. Rxg6 Nxg6 29. Qxg6 Re7 30. a3 Qd8 31. h4 {[%cal Bh2h4,Bh4h5,Bh5h6,Bh6h7][%mdl 32]} Qh8 32. h5 Qg7 33. Rf6 Qh8 34. h6 Bc6 35. Rf7 (35. Nf5 $142 exf5 36. Rxc6) 35... Rxf7 36. Qxf7+ Kc8 37. h7 Qd8 38. Qf6 {Precision: White = 58%, Black = 32%.} (38. Qg8 $142 Bd7 39. Qxd8+ Kxd8 40. h8=Q+ Kc7 41. Qf8) 1-0

[Event "Winter 2018 CCCSA-IM"]
[Site "Charlotte"]
[Date "2018.01.15"]
[Round "8.4"]
[White "Wang, Tianqi"]
[Black "Young, Angelo"]
[Result "1/2-1/2"]
[WhiteElo "2276"]
[BlackElo "2273"]
[Annotator "TA"]
[PlyCount "26"]
[EventDate "2018.01.11"]
[EventType "tourn"]
[EventCountry "USA"]
[SourceTitle "playchess.com"]
[Source "ChessBase"]
[SourceQuality "1"]

{[%evp 9,26,-26,2,-8,8,13,31,20,20,-10,22,0,8,0,41,28,40,18,31]} 1. d4 g6 2. Bf4 Bg7 3. e3 d6 4. Nd2 (4. Nf3 Nd7 5. h3 e5 6. Bh2 Ne7 7. Be2 O-O 8. O-O b6 9. c4 Bb7 10. Nc3 h6 11. Rc1 g5 12. b4 Ng6 13. dxe5 dxe5 14. Qc2 a5 {½-½ (56) Grachev,B (2654)-Fedoseev,V (2731) Sochi 2017}) 4... Nd7 5. h3 e6 6. c3 {A40: Unusual replies to 1 d4} Ne7 {[%cal Bg8e7,Be7f5,Bf5h4][%mdl 32]} 7. Ngf3 b6 8. Be2 {White is slightly better.} Bb7 9. O-O O-O 10. a4 $146 ({Predecessor:} 10. Bh2 Re8 11. Re1 h6 12. Qc2 Nc6 {½-½ (43) Pham,L (2337)-Harika,D (2525) Guangzhou 2010}) 10... a6 11. Bh2 Nf5 12. Re1 Re8 13. Bf1 Nh4 1/2-1/2

[Event "Winter 2018 CCCSA-IM"]
[Site "Charlotte"]
[Date "2018.01.15"]
[Round "8.5"]
[White "Yu, Jennifer"]
[Black "Moon, Benjamin"]
[Result "1-0"]
[WhiteElo "2355"]
[BlackElo "2317"]
[Annotator "TA"]
[PlyCount "124"]
[EventDate "2018.01.11"]
[EventType "tourn"]
[EventCountry "USA"]
[SourceTitle "playchess.com"]
[Source "ChessBase"]
[SourceQuality "1"]

{[%evp 23,124,42,33,35,30,27,33,31,51,31,32,32,39,43,41,29,77,65,58,56,62,59,45,44,56,53,73,47,57,42,143,104,100,95,111,99,141,100,103,97,97,86,76,81,68,58,69,45,67,0,0,0,0,0,0,0,0,0,0,0,0,0,183,189,200,200,198,137,137,137,137,137,137,137,137,137,137,137,137,137,137,137,137,137,137,83,84,84,84,84,84,84,84,84,84,84,84,84,84,84,84,84,245]} 1. d4 Nf6 2. c4 g6 3. Nc3 Bg7 4. g3 O-O 5. Bg2 d6 6. Nf3 Nc6 7. O-O Bf5 8. d5 Na5 9. Nd4 Bd7 10. b3 c5 11. dxc6 bxc6 12. e4 {E62: King's Indian: Fianchetto: 6...c6 and Panno Variation (6...Nc6) without ...a6} (12. Bb2 Rb8 13. Rb1 Qc8 14. Re1 Bh3 15. e4 Bxg2 16. Kxg2 Rd8 17. Qe2 e5 18. Nc2 d5 19. exd5 cxd5 20. cxd5 Nxd5 21. Nxd5 Rxd5 {1-0 (53) Korobov,A (2688)-Mazur,S (2459) Minsk 2017}) 12... Qc8 {LiveBook: 4 Games} 13. Be3 Bh3 14. f3 {White has an edge.} Bxg2 15. Kxg2 Rd8 {[#]} 16. Qd3 $146 ({Predecessor:} 16. Qd2) 16... c5 17. Nde2 Nc6 18. g4 Qb7 19. Rad1 e5 20. Bg5 Nd4 21. Nxd4 (21. Rh1 {seems wilder.} h6 22. Bxf6 Bxf6 23. h4 Ne6 24. Qd5) 21... exd4 22. Bxf6 Bxf6 23. Nd5 Bg7 24. h4 Qd7 25. g5 Rf8 26. h5 f5 (26... a5 $14) 27. gxf6 Bxf6 28. hxg6 hxg6 29. Rh1 {Strongly threatening e5!} Be5 30. Rdg1 Kg7 31. Kf2 Rh8 32. f4 Rxh1 33. Rxh1 Qg4 34. Qe2 ({Don't blunder} 34. fxe5 $2 Rf8+ 35. Nf6 (35. Ke1 $2 Rf3 $19) 35... dxe5 $19) 34... Qxe2+ 35. Kxe2 $14 {[%mdl 4096] Endgame KRB-KRN} Bf6 $1 36. Nc7 (36. b4 $14) 36... Rc8 $11 37. Ne6+ Kf7 38. f5 gxf5 39. exf5 {Black must now prevent Rh7+.} Be5 40. Kd3 Rg8 41. Ke4 Rg4+ 42. Kd5 {aiming for b4!} Rg2 $2 {[#]} (42... Kf6 $11) 43. Nxc5 $1 $18 {[%mdl 512]} dxc5 44. Kxe5 Rxa2 {[#] KR-KR} 45. Rh7+ (45. Kd6 $1 $18) 45... Ke8 $16 46. Kd5 d3 47. Kxc5 d2 48. Rh1 Ra5+ 49. Kb4 Rxf5 {[#]} 50. Rd1 $1 Rf2 51. Kc3 Rf3+ 52. Kc2 ({Much worse is} 52. Kxd2 $6 Rxb3 53. Kc2 Rf3 $11) 52... Kd7 53. Rxd2+ Kc6 54. Rd3 ({White should play} 54. Rd5) 54... Rf2+ {White is better.} 55. Kc3 a5 56. Rd5 Ra2 57. Rh5 Kb6 58. Rh6+ Kb7 59. Rd6 Kc7 60. Rd2 Ra1 61. Kb2 Rh1 62. Ka3 Kc6 $2 {Precision: White = 77%, Black = 70%.} (62... Ra1+ $16 63. Kb2 Rf1) 1-0

[Event "Winter 2018 CCCSA-IM"]
[Site "Charlotte"]
[Date "2018.01.15"]
[Round "9.1"]
[White "Moon, Benjamin"]
[Black "Wang, Wesley"]
[Result "1/2-1/2"]
[WhiteElo "2317"]
[BlackElo "2226"]
[Annotator "TA"]
[PlyCount "126"]
[EventDate "2018.01.11"]
[EventType "tourn"]
[EventCountry "USA"]
[SourceTitle "playchess.com"]
[Source "ChessBase"]
[SourceQuality "1"]

{[%evp 20,126,65,56,107,101,99,91,110,106,100,107,109,90,100,102,132,122,128,79,161,161,156,104,113,111,111,75,77,15,19,8,3,14,8,0,24,19,13,7,8,9,44,41,42,44,42,50,41,51,54,51,62,41,65,63,66,61,64,21,20,8,23,27,25,25,25,25,29,0,8,0,28,8,8,8,8,8,8,8,8,8,8,8,8,8,8,8,8,8,8,8,8,8,8,8,8,8,8,8,8,8,8,8,8,8,8,8,8]} 1. d4 Nf6 2. Bf4 d5 3. e3 e6 4. Nf3 c5 5. c3 Nc6 6. Nbd2 Bd6 7. Bg3 O-O 8. Bb5 {D02: 1 d4 d5 2 Nf3 sidelines, including 2...Nf6 3 g3 and 2...Nf6 3 Bf4} Ne7 9. Bd3 b6 10. e4 Bxg3 11. hxg3 {[#] LiveBook: 4 Games. And now e5 would win.} Bb7 $146 (11... Ng6 $14) ({Find the theoretical novelty and annotate with similar games:} 11... dxe4 12. Nxe4 Ng6 13. dxc5 Bb7 14. Nxf6+ Qxf6 15. cxb6 e5 16. Bxg6 hxg6 {0-1 (23) Carlsen,M (2840)-Korobov,A (2692) Doha 2016}) 12. e5 $16 Ne4 13. Qe2 cxd4 14. Nxe4 dxe4 15. Bxe4 Bxe4 16. Qxe4 {[%csl Gh1][%cal Re4h7] [#]} Ng6 {Black wants to play ...dxc3.} 17. Nxd4 Qc7 18. f4 Qc4 19. Qe2 Rac8 (19... Qxe2+ $16 20. Kxe2 Ne7) 20. Qxc4 $18 Rxc4 21. Kf2 (21. Rd1 $142) 21... f6 $16 22. exf6 Rxf6 23. Nf3 e5 24. fxe5 ({White should try} 24. Rad1 $16) 24... Nxe5 $11 25. Rad1 Ng4+ $1 26. Kg1 {next Rd8+ is good for White.} h6 27. Rd8+ Rf8 28. Rxf8+ Kxf8 {[%mdl 4096] Endgame KRN-KRN} 29. Rh5 g5 30. Nh2 {aiming for Nxg4.} Nf6 31. Rxh6 Kg7 32. Rh3 g4 33. Rh4 b5 34. b3 b4 35. cxb4 (35. bxc4 $2 {too greedy.} bxc3 36. Nxg4 c2 $19) 35... Rxb4 36. Nf1 a5 37. Kf2 Ne4+ 38. Ke3 Nc3 39. Kd3 Nxa2 40. Nd2 Nc1+ 41. Kc2 Ne2 42. Nc4 {Threatens to win with Kd2.} Nd4+ 43. Kc3 Nb5+ 44. Kc2 Nd4+ 45. Kc3 Nb5+ 46. Kb2 a4 $1 {[%cal Ba5a4,Ba4a3][%mdl 32] The position is equal.} 47. Rxg4+ Kf6 48. Rf4+ Kg5 49. Nd2 a3+ 50. Ka2 Rxf4 51. gxf4+ Kxf4 {KN-KN} 52. Nc4 Kg3 53. b4 (53. Ne3 {NOTEXT} Kf2 54. Nc2 Kxg2 55. Nxa3 Nd4 56. Nc4) 53... Kxg2 54. Nxa3 Nc7 55. Kb3 Kf3 56. Kc4 {Nb5 is the strong threat.} Ke4 57. Nb5 Nd5 58. Nd6+ Ke5 59. Nf7+ Ke6 60. b5 Nb6+ 61. Kc5 Na4+ 62. Kb4 Nb6 63. Nd8+ Kd7 {Precision: White = 52%, Black = 75%.} 1/2-1/2

[Event "Winter 2018 CCCSA-IM"]
[Site "Charlotte"]
[Date "2018.01.15"]
[Round "9.2"]
[White "Young, Angelo"]
[Black "Yu, Jennifer"]
[Result "1/2-1/2"]
[WhiteElo "2273"]
[BlackElo "2355"]
[Annotator "TA"]
[PlyCount "30"]
[EventDate "2018.01.11"]
[EventType "tourn"]
[EventCountry "USA"]
[SourceTitle "playchess.com"]
[Source "ChessBase"]
[SourceQuality "1"]

{[%evp 13,14,6,14]} 1. d4 d5 2. Nf3 Nf6 3. c4 c6 4. e3 g6 5. Nc3 Bg7 6. Bd2 O-O 7. Rc1 e6 {Predecessor:} 8. Bd3 $146 Nbd7 9. O-O b6 10. cxd5 exd5 11. e4 dxe4 12. Nxe4 c5 13. dxc5 Nxc5 14. Nxc5 bxc5 15. Be3 Nd7 {½-½ (53) Gallego Alcaraz,A (2414)-Uribe Arteaga,D (2274) Sitges 2013} 1/2-1/2

[Event "Winter 2018 CCCSA-IM"]
[Site "Charlotte"]
[Date "2018.01.15"]
[Round "9.3"]
[White "Ng, Gary"]
[Black "Wang, Tianqi"]
[Result "0-1"]
[WhiteElo "2272"]
[BlackElo "2276"]
[Annotator "TA"]
[PlyCount "88"]
[EventDate "2018.01.11"]
[EventType "tourn"]
[EventCountry "USA"]
[SourceTitle "playchess.com"]
[Source "ChessBase"]
[SourceQuality "1"]

{[%evp 20,88,49,40,58,53,64,64,70,52,71,22,22,5,14,3,31,43,66,16,9,0,0,0,0,0,0,-7,-10,-3,0,-13,-9,-15,-20,-18,-4,-6,-2,-2,-2,-18,-15,-31,-14,-66,-63,-63,-63,-63,-63,-58,-40,-58,-40,-81,-76,-79,-56,-216,-120,-368,-351,-364,-352,-357,-288,-287,-277,-254,-277]} 1. c4 e6 2. Nc3 d5 3. d4 c6 4. e3 Nf6 5. Bd3 Be7 6. Nf3 O-O 7. b3 Nbd7 8. O-O b6 9. Bb2 Bb7 10. Qe2 c5 11. cxd5 cxd4 {D46: Semi-Slav: 5 e3 Nbd7 6 Bd3, Black avoids the Meran} 12. Nxd4 Nxd5 13. Nxd5 Bxd5 {White is slightly better.} 14. Rac1 Rc8 {[#]} 15. Nb5 $146 ({Find the theoretical novelty and annotate with similar games:} 15. Bb5 Rxc1 16. Rxc1 Nb8 17. h3 Bb7 18. Qg4 Bf6 19. Ba3 {½-½ (66) Jussupow,A (2583)-Przedmojski,R (2367) Warsaw 2013}) 15... Rxc1 16. Rxc1 Nc5 17. Bb1 a6 18. Nc3 {Black must now prevent Rd1.} Bb7 19. b4 Nd7 20. Rd1 g6 21. Ne4 Qc7 22. Rc1 Qb8 23. Qd2 Rd8 $1 24. Qc3 {[%csl Gb2][%cal Rc3h8]} f6 25. a3 Rc8 26. Qd2 Rxc1+ 27. Qxc1 Bd5 28. Nc3 Bb3 29. Ne2 {Threatens to win with Nd4.} e5 30. Qc3 Be6 31. e4 {[#]} a5 $1 {[%mdl 512]} 32. Bd3 (32. Qc6 $11 Qd6 33. Qxd6 Bxd6 34. Bc3) (32. bxa5 bxa5) 32... Qd6 $1 $15 {[%cal Ra5b4]} 33. bxa5 bxa5 34. Bc2 Qb6 35. Bc1 Kf7 36. Be3 Nc5 37. f3 Qb5 38. Kf2 a4 {[%cal Ba5a4,Ba4b3][%mdl 32]} 39. Bc1 $2 (39. Nc1 $1 $15) 39... Bb3 ({Black should try} 39... Bc4 $19 40. Qe1 Bd3) 40. Bxb3+ $2 (40. Be3 $17) 40... axb3 $19 ({Weaker is} 40... Qxb3 41. Bd2 $17) 41. Bb2 Na4 42. Qd2 Qb6+ 43. Kg3 Nxb2 44. Qxb2 {[#] intending Nc1.} Qe3 $1 {Precision: White = 40%, Black = 78%.} 0-1

[Event "Winter 2018 CCCSA-IM"]
[Site "Charlotte"]
[Date "2018.01.15"]
[Round "9.4"]
[White "Montalvo Rosario, Alejandro"]
[Black "Jacobson, Aaron"]
[Result "0-1"]
[WhiteElo "2183"]
[BlackElo "2282"]
[Annotator "TA"]
[PlyCount "54"]
[EventDate "2018.01.11"]
[EventType "tourn"]
[EventCountry "USA"]
[SourceTitle "playchess.com"]
[Source "ChessBase"]
[SourceQuality "1"]

{[%evp 19,54,-2,-2,2,10,6,19,6,18,5,33,26,36,26,40,33,49,42,16,-38,0,0,13,-18,-16,-16,-20,-22,-25,-14,-16,-187,-184,-212,-185,-380,-371]} 1. d4 Nf6 2. Bg5 c5 3. d5 Ne4 4. Bf4 Qb6 5. Bc1 e6 6. f3 {A45: Trompowsky Attack} Qa5+ 7. c3 Nf6 8. e4 d6 9. Na3 exd5 10. exd5 Be7 {LiveBook: 4 Games} 11. Nc4 (11. Ne2 O-O 12. Ng3 a6 13. Nc4 Qd8 {1-0 (50) Andreikin,D (2705)-Sjugirov,S (2650) Sochi 2017}) 11... Qd8 12. Ne3 O-O 13. Bd3 Re8 14. Ne2 $146 Na6 15. O-O Nc7 16. c4 Rb8 17. Bd2 b5 18. b3 $1 Nd7 19. Nf5 (19. Qc2 $11) 19... Bf8 20. Neg3 Ne5 21. Be2 Bxf5 22. Nxf5 g6 23. Nh6+ Bxh6 24. Bxh6 Qh4 $36 {[%mdl 2048] Black is more active.} 25. Bd2 $2 {[#]} (25. Qd2 $11 {and White is okay.}) 25... Qd4+ $19 ({Don't play} 25... bxc4 26. f4 $15) 26. Kh1 bxc4 27. Ba5 $2 (27. Bg5) 27... Nxd5 {Precision: White = 27%, Black = 49%.} 0-1

[Event "Winter 2018 CCCSA-IM"]
[Site "Charlotte"]
[Date "2018.01.15"]
[Round "9.5"]
[White "Stremavicius, Titas"]
[Black "Hong, Andrew"]
[Result "1/2-1/2"]
[WhiteElo "2432"]
[BlackElo "2327"]
[Annotator "TA"]
[PlyCount "41"]
[EventDate "2018.01.11"]
[EventType "tourn"]
[EventCountry "USA"]
[SourceTitle "playchess.com"]
[Source "ChessBase"]
[SourceQuality "1"]

{[%evp 20,21,22,18]} 1. c4 e6 2. d4 d5 3. Nc3 c6 4. e3 Nf6 5. Nf3 Nbd7 6. Qc2 Bd6 7. Bd3 O-O 8. O-O e5 9. cxd5 cxd5 10. e4 exd4 {D46: Semi-Slav: 5 e3 Nbd7 6 Bd3, Black avoids the Meran} 11. Nxd5 {LiveBook: 121 Games} {Predecessor:} Nxd5 $146 12. exd5 h6 13. Nxd4 Qh4 14. Nf3 Qh5 15. Bh7+ Kh8 16. Qf5 Qxf5 17. Bxf5 Nf6 18. Bd3 Bg4 19. Rd1 Rac8 20. h3 Bxf3 21. gxf3 {½-½ (32) Wang,H (2690)-Ding,L (2759) China 2017} 1/2-1/2